000 00548nam a2200229Ia 4500
003 OSt
005 20221006151913.0
006 a|||||r|||| 00| 0
007 ta
008 221006b |||||||| |||| 00| 0 jpn d
020 _cY1300
024 _a23,873
037 _bGift, Japan Foundation
_cTextual
040 _aEASL
_cEASL
_bjpn
041 _2jpn
_ajpn
245 0 _aNihongo iroire
260 _aTokyo
_bn
_c1989
300 _ap.
_ccm.
650 _aJL
942 _cTEXL
_2CC
999 _c1091959
_d1091959